| 000 | 00630nam a22001457a 4500 | ||
|---|---|---|---|
| 999 |
_c530972 _d530972 |
||
| 008 | 250722b ||||| |||| 00| 0 eng d | ||
| 100 |
_aChamberlen, Anastasia _955524 |
||
| 245 | _aThe stains of imprisonment. Moral communication and men convicted of sex offenses | ||
| 260 | _aSocial & Legal Studies | ||
| 300 | _a34(3), Jun, 2025: p.464-466 | ||
| 520 | _aIevins Alice, Oakland: university of California Press, 2023. pp. 214, ISBN 9780520383722, £30.00 (pbk).-Reproduced https://journals.sagepub.com/doi/abs/10.1177/09646639241277685 | ||
| 773 | _aSocial & Legal Studies | ||
| 906 | _aBOOK REVIEW | ||
| 942 | _cAR | ||